000 00905nam a2200289 a 4500
001 vtls000081651
003 NLI
005 20210601194451.0
008 101125s1930 enk 000 0 eng
039 9 _y201011250854
_zVLOAD
040 0 _aNLI
_beng
_cEntertech-2003
_eAACR2
041 0 _aeng
044 _aenk
082 0 4 _a141
100 0 _aSundar Singh,
_cSadhu
_9187608
245 1 4 _aThe spiritual life and the spiritual world :
_bbeing a reissue of meditations on varions aspects of the spiritual life and visions of the spiritual world /
_cby Sundar Singh
260 _aLondon :
_bMacmillan,
_c1930
300 _a69 p. ;
_c18 cm.
650 0 _aReligion
_94605
650 0 _aSpiritual life
_93769
650 0 _aSpiritualism
_94423
887 _a
901 _a610775
_b21.06.1965
902 _aE141 Su72
949 _AVIRTUAITEM
_D10000
_X100
_6PUR000610775ENG
942 _2ddc
_cBKS
999 _aVIRTUA00
_c85699
_d85699